000
00472nam a2200133Ia 4500
008
100328s9999 xx 000 0 und d
082
_b
50681
100
_a
रामदासी मारुतीबुवा
245
_a
स्वरुप संप्रदाय.
260
_b
श्रीार कुटी ट्रस्ट
630
_a
स्वरुप संप्रदाय.
730
_a
स्वरुप संप्रदाय.
942
_c
BOOK
999
_c
537776
_d
537773